[Event "Prague Golden op 11th"]
[Site "Prague"]
[Date "2015.06.22"]
[Round "3"]
[White "Eisenbruk, Jakub"]
[Black "Kulhanek, Tomas"]
[Result "0-1"]
[WhiteElo "1783"]
[BlackElo "2340"]
[PlyCount "104"]
[EventDate "2015.06.21"]
[EventType "swiss"]
[EventRounds "9"]
[EventCountry "CZE"]
[SourceTitle "CBM 167 Extra"]
[Source "ChessBase"]
[SourceDate "2015.09.14"]
[SourceVersion "1"]
[SourceVersionDate "2015.09.14"]
[SourceQuality "1"]

1. d4 Nf6 2. c4 e6 3. Nf3 Bb4+ 4. Bd2 c5 5. Bxb4 cxb4 6. Nbd2 0-0 7. e3 d6 8. Bd3 b6 9. 0-0 Bb7 10. Ng5 Nbd7 11. f4 Qe7 12. Nge4 d5 13. Nxf6+ Nxf6 14. cxd5 exd5 15. Qe2 Rfe8 16. Rfe1 Rac8 17. h3 Rc7 18. Kh2 Rec8 19. Bf5 Re8 20. Rac1 Rxc1 21. Rxc1 g6 22. Bb1 Nh5 23. Nf1 Nxf4 24. Qf3 Ne6 25. Bd3 Qd6+ 26. Qg3 Qxg3+ 27. Kxg3 Kf8 28. Bb5 Rd8 29. Kf2 Ke7 30. Nd2 Rc8 31. Rxc8 Bxc8 32. h4 Ng7 33. Bd3 Bf5 34. Be2 h5 35. Kg3 Kd6 36. Kf2 Bc2 37. g4 hxg4 38. Bxg4 Bd3 39. Kg3 a5 40. Kf4 f6 41. Kg3 a4 42. Kf4 a3 43. bxa3 bxa3 44. Bd1 g5+ 45. hxg5 Ne6+ 46. Kg3 Nxg5 47. Kf4 Ne4 48. Nxe4+ Bxe4 49. Ba4 Bd3 50. Bb3 b5 51. Kf3 Bc4 52. Bxc4 dxc4 0-1